000 00672nam a2200277Ia 4500
005 20260324111850.0
008 008 260324s9999 xx 000 0 eng d
020 _a9781003166450
037 _aEBOOK
040 _aCRL
040 _beng
040 _cCRL
041 _2eng
041 _aeng
084 _qCRL
100 _aGabriele Gava; Thomas Sturm; Achim Vesper
_91140338
245 0 _aKant and the Systematicity of the Sciences
260 _bTaylor and Francis
260 _c2025
365 _a
365 _b230
856 _uhttp://www.taylorfrancis.com/books/9781003166450
942 _cEBOOK
999 _c1729299
_d1729299